书目信息 |
| 题名: |
结构分析计算电子手册
|
|
| 作者: | 钱若军 , 王人鹏 著 | |
| 分册: | ||
| 出版信息: | 北京 中国建筑工业出版社 2009.11 |
|
| 页数: | 431页 | |
| 开本: | 26cm | |
| 丛书名: | 建筑结构分析电子手册系列 | |
| 单 册: | ||
| 中图分类: | TU311.4 | |
| 科图分类: | ||
| 主题词: | 计算机应用--结构分析 | |
| 电子资源: | ||
| ISBN: | 978-7-89475-083-9 | |
| 000 | 01285nam 2200277 450 | |
| 001 | 012001000614 | |
| 005 | 20100510085715.34 | |
| 010 | @a978-7-89475-083-9@b精装@dCNY126.00 (含光盘) | |
| 010 | @a978-7-89475-083-9@b光盘 | |
| 100 | @a20100515d2009 km y0chiy0121 eb | |
| 101 | 0 | @achi |
| 102 | @aCN@b110000 | |
| 105 | @aa a 000zy | |
| 200 | 1 | @a结构分析计算电子手册@Ajie gou fen xi ji suan dian zi shou ce@f王人鹏, 钱若军著 |
| 210 | @a北京@c中国建筑工业出版社@d2009.11 | |
| 215 | @a431页@c图@d26cm@e光盘1片 | |
| 225 | 2 | @a建筑结构分析电子手册系列@Ajian zhu jie gou fen xi dian zi shou ce xi lie |
| 320 | @a有书目 (第431页) | |
| 330 | @a结构分析计算电子手册是一个新型土木建筑结构静力计算手册,包含一张光盘,以及一本“使用说明 开发指南”。主要内容包括:结构分析计算电子手册的使用方法;结构分析计算电子手册的开发方法;Mathcad的基本环境;Mathcad的基本使用方法;向量及矩阵的使用方法;曲线图的生成及使用方法;空间曲面曲线图的生成及使用方法;Mathcad部件的使用方法;插值、拟合和回归函数的使用方法;Mathcad的编程工具;常用方程求解方法。 | |
| 410 | 0 | @12001 @a建筑结构分析电子手册系列 |
| 606 | 0 | @a计算机应用@x结构分析 |
| 690 | @aTU311.4@v4 | |
| 701 | 0 | @a钱若军@Aqian ruo jun@4著 |
| 701 | 0 | @a王人鹏@Awang ren peng@4著 |
| 801 | 0 | @aCN@c20100515 |
| 905 | @dTU311.4@eW320@f3 | |
| 结构分析计算电子手册/王人鹏, 钱若军著.-北京:中国建筑工业出版社,2009.11 |
| 431页:图;26cm+光盘1片.-(建筑结构分析电子手册系列) |
| ISBN 978-7-89475-083-9(精装):CNY126.00 (含光盘) |
| 结构分析计算电子手册是一个新型土木建筑结构静力计算手册,包含一张光盘,以及一本“使用说明 开发指南”。主要内容包括:结构分析计算电子手册的使用方法;结构分析计算电子手册的开发方法;Mathcad的基本环境;Mathcad的基本使用方法;向量及矩阵的使用方法;曲线图的生成及使用方法;空间曲面曲线图的生成及使用方法;Mathcad部件的使用方法;插值、拟合和回归函数的使用方法;Mathcad的编程工具;常用方程求解方法。 |
| ● |
| 相关链接 |
|
|
|
正题名:结构分析计算电子手册
索取号:TU311.4/W320
 
预约/预借
| 序号 | 登录号 | 条形码 | 馆藏地/架位号 | 状态 | 备注 |
| 1 | 981630 | 209816305 | 建筑库101/101建筑库 78排4列5层/ [索取号:TU311.4/W320] | 在馆 | |
| 2 | 981631 | 209816314 | 建筑库101/101建筑库 78排4列5层/ [索取号:TU311.4/W320] | 在馆 | |
| 3 | 981632 | 209816323 | 建筑库101/101建筑库 78排4列5层/ [索取号:TU311.4/W320] | 在馆 |